| 000 | 01787cam a22004454i 4500 | ||
|---|---|---|---|
| 003 | PE-LiUPU | ||
| 005 | 20250731184543.0 | ||
| 008 | 150623s r 000 0 d | ||
| 035 | _a(Sirsi) a27199 | ||
| 040 |
_aPE-LiUPU _bspa _cPE-LiUPU _erda |
||
| 082 | 0 | 4 |
_a985.551 _bC74 _221 |
| 111 | 2 |
_aConversatorio _n(1. _d1997 _cCerro de Pasco, Perú) |
|
| 245 | 1 | 0 |
_aConversatorios : _b"traslado de la ciudad" / _cConversatorio (1: 1997: Cerro de Pasco, Perú). |
| 264 | 1 |
_aCerro de Pasco, Perú : _bDirección General de extensión y proyección social, _c1999. |
|
| 300 |
_a73 páginas : _bilustraciones, fotos ; _c21 cm. |
||
| 336 |
_atext _2rdacontent |
||
| 337 |
_aunmediated _2rdamedia |
||
| 338 |
_avolume _2rdacarrier |
||
| 500 | _a1er conversatorio celebrado el 15 de julio de 19972 do conversatorio celebrado el 02 de julio de 1998. | ||
| 505 | 0 | _aPresentación. Conclusiones del conversatorio "traslado de la ciudad". Disertaciones y resumen de los temas tratados en el conversatorio "Cerro de Pasco: Siglo XXI". | |
| 526 | _aP136 | ||
| 526 | _aP135 | ||
| 526 | _aP134 | ||
| 526 | _aP133 | ||
| 526 | _aP144 | ||
| 526 | _aP143 | ||
| 526 | _aP87 | ||
| 526 | _aP35 | ||
| 526 | _aP20 | ||
| 526 | _aP14 | ||
| 526 | _aP10 | ||
| 526 | _aP06 | ||
| 650 | 0 | 4 |
_aPasco (ciudad) _xNuevo diseño. |
| 650 | 0 | 4 |
_aPasco (ciudad) _xSiglo XXI. |
| 942 |
_2ddc _cBOOK |
||
| 949 |
_a985.551 C74 _wDEWEY _c1 _i52481 _lCCODEBUL1 _mBUL _p3.00 _r0 _sY _tBOOK _u2015-06-24 _xBIBLIOTECA _zUNKNOWN _0COMPRA _o.STAFF. Colección General |
||
| 596 | _a1 | ||
| 999 |
_a985.551 C74 _wDEWEY _c34313 _i52481 _f2021-11-8 _g4 _lCCODEBUL1 _mBUL _p3.00 _r0 _sY _tBOOK _u2015-6-24 _xBIBLIOTECA _zUNKNOWN _0COMPRA _o.STAFF. Colección General _d34313 |
||
| 980 |
_81 _gALBERTO SANCHEZ Responsable de Automatización |
||